Andreas Gryphius' "Olivetum" und die Traditionen des "carmen heroicum" im 17. Jahrhundert

Titel: Andreas Gryphius' "Olivetum" und die Traditionen des "carmen heroicum" im 17. Jahrhundert / Dirk Werle
Verfasser:
In: Andreas Gryphius (1616-1664), (2020), Seite 311-327
alle Artikel anzeigen
Veröffentlicht: 2020
Format: Aufsatz
Sprache: Deutsch
Schlagworte:
Kein Bild verfügbar
X
alg: 47190040
001A    $04504:11-11-20 
001B    $01999:12-11-20 $t23:22:17.000 
001D    $04504:11-11-20 
001U    $0utf8 
001X    $00 
002@    $0Aou 
002C    $aText $btxt $2rdacontent 
002D    $aohne Hilfsmittel zu benutzen $bn $2rdamedia 
002E    $aBand $bnc $2rdacarrier 
003@    $0471900400 
007A    $0471900400 $aHEB 
010@    $ager 
010E    $erda 
011@    $a2020 
021A    $aAndreas Gryphius'"Olivetum" und die Traditionen des "carmen heroicum" im 17. Jahrhundert $hDirk Werle 
028A    $BVerfasser $#Werle, D. $#Werle-Schneidereit, Dirk $#Werle-Schneidereit, D. $#Schneidereit, Dirk Werle- $#Schneidereit, D. Werle- $4aut $71044770910 $8Werle, Dirk$Z1975- [Tp1] $9334203236 
031A    $h311-327 $j2020 
039B    $aEnthalten in $8--Aau--. Andreas Gryphius (1616-1664). - Berlin : De Gruyter, [2020]. - VIII, 645 Seiten. - 38 Illustrationen. - ISBN 978-3-11-057387-9 $x202000000000000689 $9461016362 
044K    $RGryphius, Paul $REder, Anna $REder, Michael $RGreif, Anna Maria $RGreif, Paul $RGreif, Paul $RDeutschländer, Rosina $#Greif, Andreas $#Grifius, Andreas $#Griph, Andreas $#Gryphius $#Gryphivs, Andreas $#Gripʹiusi, Andreas $#Gryplius, A. $#Riesentod, Philius Gregorius $#Riesentod, Philip-Gregorius $#Risentodt, Philipp Gregorius $#Gryph, Andreas $#Greif, Andreas $#Der Unsterbliche $#Unsterbliche, Der $7118543032 $8Gryphius, Andreas$Z1616-1664 [Tp1] $9086884069 
044K    $RLatinofaliskisch $RLatinistik $#Latin language $#Latin (langue) $#Lateinisch $#Lateinische Sprache $74114364-4 $8Latein [Tsz] $9085341924 
044K    $RVersepik $RRomance $#Epic poetry $#Epic poetry History and criticism $#Épopées $#Epik Epos $#Epik im engeren Sinn $#Versepos $#Epen $#Versepen $74015065-3 $8Epos [Ts1] $9085034134 
044M    $pGryphius, Andreas  $tOlivetum 
045V    $aGryphius, Andreas $811.12.00$jZu einzelnen Autoren [Tkx] $9118843559 

lok: 47190040 62

exp: 47190040 62 1 #EPN
201B/01 $012-11-20 $t22:23:17.000 
201C/01 $012-11-20 
203@/01 $01129755320 
208@/01 $a12-11-20 $be 
209A/01 $a/ $f000 $x00 
209B/01 $a2020 $x05 
247C/01 $8Frankfurt, Bibliographie der Deutschen Sprach- und Literaturwissenschaft $9113214561 
201U/01 $0utf8 

lok: 47190040 78

exp: 47190040 78 1 #EPN
201B/01 $009-02-26 $t14:09:51.000 
201C/01 $009-02-26 
201U/01 $0utf8 
203@/01 $01335096051 
208@/01 $a09-02-26 $be 
209A/01 $a/ $f000 $x00 
209A/01 $ab*p $x01 
220C/01 $apgar 
247C/01 $82080>Marburg/Lahn, Herder-Institut, Forschungsbibliothek, Bibliographieportal $9336309341
LEADER 00000caa a2200000 c 4500
001 471900400
003 DE-603
005 20201112232217.0
007 tu
008 201111s2020 xx |||| | u00||u|ger c
035 |a (DE-599)HEB471900400 
040 |a DE-603  |b ger  |c DE-603  |d DE-603  |e rda 
041 |a ger 
100 1 |a Werle, Dirk  |d 1975-  |e Verfasser  |4 aut  |0 (DE-603)334203236  |0 (DE-588)1044770910  |2 gnd 
245 0 0 |a Andreas Gryphius' "Olivetum" und die Traditionen des "carmen heroicum" im 17. Jahrhundert  |c Dirk Werle 
264 0 |c 2020 
336 |a Text  |b txt  |2 rdacontent 
337 |a ohne Hilfsmittel zu benutzen  |b n  |2 rdamedia 
338 |a Band  |b nc  |2 rdacarrier 
600 1 7 |a Gryphius, Andreas  |d 1616-1664  |0 (DE-588)118543032  |0 (DE-603)086884069  |2 gnd 
650 7 |a Latein  |0 (DE-588)4114364-4  |0 (DE-603)085341924  |2 gnd 
650 7 |a Epos  |0 (DE-588)4015065-3  |0 (DE-603)085034134  |2 gnd 
773 0 8 |i Enthalten in  |t Andreas Gryphius (1616-1664)  |d Berlin : De Gruyter, [2020]  |h VIII, 645 Seiten, 38 Illustrationen  |z 9783110573879  |z 3110573873  |g (2020), Seite 311-327  |w (DE-603)461016362 
924 0 |9 603  |a (DE-603)1129755320  |b DE-603  |c HES  |d d 
924 0 |9 2080  |a (DE-603)1335096051  |b DE-2080  |c HES  |d d  |g /